| 000 | 00351nam a2200133Ia 4500 | ||
|---|---|---|---|
| 008 | 240624s9999 xx 000 0 und d | ||
| 041 | _aeng | ||
| 082 | _a658.314 KIN | ||
| 100 | _aKINLEY NIK | ||
| 245 | _aCHANGING EMPLOYEE BEHAVIOR A PRACTICAL G | ||
| 260 |
_c2015 _aLondon _bPalgrave Macmillan |
||
| 300 | _axiii, 240 p,: 23 cm. | ||
| 365 |
_cERU _b38 |
||
| 999 |
_c31546 _d31546 |
||